007820000a22001930004500003000900000008004100009010001500050040002800065042001200093050001500105082001300120100002100133245022700154260005700381300004400438504004000482651003100522700003500553EG-GiCUC711109s1963 njua b 000 0 eng  a 63009989 aEG-GiCUCbengcEG-GiCUC apremarc00aHB915b.C6 a312.09731 aCoale, Ansley J.10aNew estimates of fertility and population in the United States:ba study of annual white births from 1855 to 1960 and of completeness of enumeration in the censuses from 1880 to 1960/cby Ansley J. Coale and Melvin Zelnik. aPrinceton, N.J.:bPrinceton University Press,c1963. axvi, 186 p.:bdiagrs., tables.;c25 cm. aIncludes bibliographical references 0aUnited StatesxPopulation.1 aZelnik, Melvin,djoint author.